[Event "Round 1, Table 10"]
[Site "?"]
[Date "2008.08.18"]
[Round "?"]
[White "GM Sermek, Drazen"]
[Black "Ismail Ahmad"]
[Result "1/2-1/2"]
[WhiteElo "2509"]
[BlackElo "2111"]
[PlyCount "88"]
[EventDate "2008.08.18"]

1. e4 d5 2. exd5 Nf6 3. Bb5+ Bd7 4. Be2 Nxd5 5. d4 g6 6. Nf3 Bg7 7. O-O O-O 8.
c4 Nf6 9. Nc3 Bf5 10. Nh4 Qc8 11. Nxf5 Qxf5 12. Be3 c6 13. Qb3 Qc8 14. Rac1 Na6
15. Bf3 Nd7 16. Rfd1 Rb8 17. d5 c5 18. d6 exd6 19. Nb5 Ne5 20. Be4 Qg4 21. f3
Qh5 22. Nxd6 b6 23. h3 Nc7 24. f4 Nd7 25. Kh2 Ne6 26. Bf3 Qh4 27. Nb5 Nxf4 28.
Rxd7 Nxh3 29. gxh3 Be5+ 30. Kg1 Qxh3 31. Rd2 Qxf3 32. Bh6 Qh5 33. Qe3 Rfe8 34.
Qg5 Qh3 35. Nd6 f6 36. Qg2 Qxh6 37. Qd5+ Kg7 38. Qf7+ Kh8 39. Nxe8 Qe3+ 40. Kf1
Qf3+ 41. Rf2 Qh1+ 42. Ke2 Qe4+ 43. Kf1 Qh1+ 44. Ke2 Qe4+ 1/2-1/2

[Event "Round 1 Table 28"]
[Site "?"]
[Date "2008.08.18"]
[Round "1"]
[White "FM Goldenberg Igor"]
[Black "Lim Kian Hwa"]
[Result "1/2-1/2"]
[WhiteElo "2386"]
[BlackElo "1990"]
[PlyCount "59"]
[EventDate "2008.08.18"]

1. c4 Nf6 2. Nc3 c6 3. d4 d5 4. Nf3 Nbd7 5. e3 g6 6. Bd3 Bg7 7. O-O O-O 8. h3
Re8 9. e4 dxe4 10. Nxe4 Nxe4 11. Bxe4 Nf6 12. Bc2 Qc7 13. Be3 b6 14. Qe2 Ba6
15. Bd3 Rad8 16. Rfd1 Nh5 17. Qc2 Nf4 18. Bxf4 Qxf4 19. Qa4 Bc8 20. Qxc6 Rd7
21. Ne5 Bxe5 22. dxe5 Red8 23. e6 Rd6 24. exf7+ Kxf7 25. Qc7 Bxh3 26. gxh3 Qg5+
27. Kh2 Qf4+ 28. Kg2 Qg5+ 29. Kh2 Qf4+ 30. Kg2 1/2-1/2

[Event "Round 2 Table 5"]
[Site "?"]
[Date "2008.08.18"]
[Round "?"]
[White "Yap Kim Steven"]
[Black "GM Dzhumaev Marat"]
[Result "1/2-1/2"]
[WhiteElo "2321"]
[BlackElo "2549"]
[PlyCount "140"]
[EventDate "2008.08.18"]

1. e4 g6 2. d4 Bg7 3. h4 d5 4. exd5 Qxd5 5. Be3 Nf6 6. Nc3 Qa5 7. Bc4 O-O 8. h5
Nxh5 9. Qf3 Nc6 10. O-O-O e5 11. Nge2 exd4 12. Nxd4 Ne5 13. Qd5 Qxd5 14. Bxd5
c6 15. Bb3 Ng4 16. Ne4 Nxe3 17. fxe3 Bg4 18. Rdf1 Bh6 19. Kd2 Rad8 20. c3 c5
21. Nxc5 Ng3 22. Rxf7 Nxh1 23. Rf1+ Kh8 24. Rxh1 Rf2+ 25. Kd3 Bf8 26. Ne4 Bf5
27. g4 Bxe4+ 28. Kxe4 Re8+ 29. Kd3 Bc5 30. Ne6 Bb6 31. Rh3 Re7 32. Bd5 Rf6 33.
Ng5 Rf1 34. Ke2 Rg1 35. Be6 Rg2+ 36. Kd3 h5 37. Bc8 Kg7 38. Ne6+ Kf6 39. gxh5
Rh7 40. Bxb7 Rxb2 41. Bd5 Rh8 42. Rf3+ Ke5 43. hxg6 Kxd5 44. g7 Rg8 45. Rf8
Kxe6 46. Rxg8 Kf7 47. Rc8 Kxg7 48. c4 Rb1 49. c5 Rc1 50. Kd4 Kf6 51. Kd5 Rd1+
52. Kc4 Rc1+ 53. Kd5 Rd1+ 54. Ke4 Bd8 55. Rc6+ Ke7 56. Ra6 Rd7 57. c6 Rc7 58.
Kd5 Ke8 59. Ra4 Re7 60. Rg4 Bc7 61. Rg8+ Kf7 62. Rc8 Bg3 63. e4 Re5+ 64. Kd4
Re6 65. Kd5 Re5+ 66. Kd4 Ra5 67. c7 Ra4+ 68. Kd3 Ra3+ 69. Kc2 Bxc7 70. Rxc7+
Ke6 1/2-1/2

[Event "Round 6 Table 1"]
[Site "?"]
[Date "2008.08.20"]
[Round "?"]
[White "GM Megaranto, Susanto"]
[Black "GM Li Chao b"]
[Result "1-0"]
[WhiteElo "2532"]
[BlackElo "2590"]
[PlyCount "81"]
[EventDate "2008.08.18"]

1. d4 Nf6 2. Nc3 d5 3. Nf3 g6 4. Bf4 Bg7 5. e3 O-O 6. Be2 b6 7. O-O Bb7 8. Ne5
Nbd7 9. a4 a5 10. Bb5 Nb8 11. h3 Ne8 12. Re1 Nd6 13. Bd3 Nc6 14. Nb5 Nb4 15.
Bf1 f6 16. Nf3 Na6 17. Bh2 Qd7 18. Nd2 Kh8 19. b3 e5 20. c4 c6 21. Nxd6 Qxd6
22. e4 Rad8 23. cxd5 cxd5 24. dxe5 fxe5 25. exd5 Qxd5 26. Nc4 Qc6 27. Qg4 e4
28. Rad1 Qf6 29. Bg3 {Diagram #} h5 30. Qh4 Rxd1 31. Rxd1 Nc5 32. Rd6 Qxh4 33.
Bxh4 e3 34. Rxg6 b5 35. Nxe3 bxa4 36. Rg5 a3 37. Rxh5+ Bh6 38. Rxc5 a4 39. bxa4
a2 40. Nc2 Be4 41. Bc4 1-0

[Event "Round 6 Table 7"]
[Site "?"]
[Date "2008.08.20"]
[Round "?"]
[White "Yap Kim Steven"]
[Black "IM Sadorra, Julio Catalino"]
[Result "1-0"]
[WhiteElo "2321"]
[BlackElo "2470"]
[PlyCount "139"]
[EventDate "2008.08.18"]

1. e4 e6 2. d4 d5 3. e5 c5 4. c3 Qb6 5. Nf3 Nc6 6. a3 Nh6 7. b4 cxd4 8. cxd4
Nf5 9. Be3 f6 10. exf6 gxf6 11. Nc3 Nxe3 12. fxe3 Bh6 13. Qd3 Ne7 14. e4 a5 15.
b5 Bd7 16. Be2 Rc8 17. Na4 Qc7 18. O-O Qf4 19. e5 Nf5 20. exf6 Qe4 21. Nc5 Qxd3
22. Bxd3 Nxd4 23. Nxb7 O-O 24. Nd6 Rb8 25. f7+ Kg7 26. Ne5 Bxb5 27. Bxb5 Nxb5
28. Ne8+ Rbxe8 29. fxe8=Q Be3+ 30. Kh1 Rxe8 31. Rf7+ Kg8 32. Rb1 Rc8 33. g3
Rc1+ 34. Rxc1 Bxc1 35. a4 Nc3 36. Rc7 Bb2 37. Nd3 Nxa4 38. Re7 Bd4 39. Rxe6 Nb6
40. Re7 a4 41. Ra7 Kf8 42. Rxh7 Bg7 43. Nb4 a3 44. Kg2 d4 45. Rh5 d3 46. Kf3
Bd4 47. Ra5 Bc3 48. Rf5+ Ke7 49. Na2 Ke6 50. Rb5 Na4 51. Ke3 d2 52. Ke2 Kd6 53.
h4 Kc6 54. Rb3 Ba5 55. Rxa3 Nb2 56. Nc3 Nc4 57. Ra4 Kc5 58. Ne4+ Kb5 59. Nxd2
Kxa4 60. Nxc4 Bc7 61. Kf3 Kb4 62. Ne3 Kc5 63. g4 Kd4 64. g5 Ke5 65. Kg4 Ke6 66.
h5 Kf7 67. Kf5 Bd8 68. Ng4 Kg7 69. h6+ Kg8 70. g6 1-0

[Event "Round 7 Table 1"]
[Site "?"]
[Date "2008.08.22"]
[Round "?"]
[White "GM Zhang Zhong"]
[Black "GM Megaranto, Susanto"]
[Result "1/2-1/2"]
[WhiteElo "2632"]
[BlackElo "2532"]
[PlyCount "162"]
[EventDate "2008.08.18"]

1. Nf3 d5 2. d4 c6 3. c4 Nf6 4. Nc3 a6 5. a4 e6 6. g3 a5 7. Bg2 Be7 8. O-O O-O
9. Nd2 Na6 10. e4 Nb4 11. e5 Ne8 12. f4 Nc7 13. cxd5 Ncxd5 14. Nde4 b6 15. Rf2
Ba6 16. f5 exf5 17. Rxf5 f6 18. Nxd5 cxd5 19. exf6 dxe4 20. fxe7 Qxe7 21. Re5
Qd7 22. Be3 Bd3 23. Bxe4 Bxe4 24. Rxe4 Rae8 25. Rxe8 Rxe8 26. Bf2 Nd5 27. Qc2
h6 28. Re1 Rxe1+ 29. Bxe1 Qe6 30. Bf2 Nb4 31. Qc7 Nd5 32. Qe5 Qc6 33. b3 Nf6
34. Qf5 Nd5 35. Qf3 Qe6 36. Kg2 Nf6 37. Qd3 Kh8 38. Qe3 Qc6+ 39. Qf3 Qe6 40. h3
Kg8 41. g4 Qd6 42. Qb7 Qe6 43. Qa8+ Kf7 44. Qf3 Qd6 45. Qb7+ Kg8 46. Qc8+ Kh7
47. Qc2+ Kh8 48. Qc4 Nd5 49. Qc8+ Kh7 50. Bg3 Qg6 51. Kf2 Ne7 52. Qc4 h5 53.
Qe2 Nd5 54. Be5 hxg4 55. hxg4 Nc3 56. Qf3 Qc2+ 57. Kf1 Ne4 58. Bf4 Qb1+ 59. Ke2
Qc2+ 60. Ke1 Qb1+ 61. Qd1 Qb2 62. Be3 Qg2 63. Qe2 Qh1+ 64. Qf1 Qh4+ 65. Kd1
Qxg4+ 66. Kc2 Nf6 67. Bf4 Qe6 68. Be5 Nd5 69. Qd3+ Kg8 70. Qg3 Qf5+ 71. Kb2 g6
72. Qg2 Nb4 73. Qe2 Qd3 74. Qh2 Qf5 75. Qe2 Qd3 76. Qg2 Qf5 77. Qe2 Qd3 78. Qg2
Qf5 79. Qe2 Qd3 80. Qg2 Qf5 81. Qe2 Qd3 1/2-1/2

[Event "Round 7 Table 3"]
[Site "?"]
[Date "2008.08.22"]
[Round "?"]
[White "GM Li Chao b"]
[Black "GM Iuldachev, Saidali"]
[Result "1-0"]
[WhiteElo "2590"]
[BlackElo "2520"]
[PlyCount "119"]
[EventDate "2008.08.18"]

1. e4 e5 2. Nf3 Nc6 3. Bc4 Bc5 4. b4 Bb6 5. a4 a6 6. Nc3 Nf6 7. O-O d6 8. Nd5
Nxe4 9. d3 Nf6 10. Bg5 Be6 11. Bxf6 gxf6 12. Nh4 h5 13. c3 f5 14. g3 f4 15. d4
Ba7 16. Re1 Kf8 17. Qf3 Bg4 18. Qe4 Rg8 19. Qh7 Qg5 20. Nxc7 Rg7 21. Ng6+ Qxg6
22. Qxg6 Rxg6 23. Nxa8 exd4 24. b5 Ne5 25. Bd5 axb5 26. axb5 Bc5 27. cxd4 Bxd4
28. Ra4 Bc3 29. Rc1 Bd2 30. Rc2 Bd1 31. Rc8+ Kg7 32. Rd4 Bg4 33. Rc7 Ba5 34.
Bxb7 Nf3+ 35. Bxf3 Bxf3 36. Re7 fxg3 37. hxg3 Bxa8 38. Ra4 Bb6 39. Rxa8 Rxg3+
40. Kf1 Rf3 41. Ra2 Rb3 42. Rb7 Bc5 43. Kg2 h4 44. f3 Kg6 45. Ra4 h3+ 46. Kg3
h2 47. Rg4+ Kf5 48. Rh4 Bg1 49. Rxf7+ Ke5 50. Rh5+ Kd4 51. Rff5 Kc4 52. Rh4+
Kc3 53. Rd5 Rb2 54. Rh7 Bc5 55. Rxh2 Rxb5 56. Rhd2 Rb6 57. f4 Kc4 58. f5 Be3
59. Rd1 Rb3 60. Kg4 1-0

[Event "Round 8 Table 1"]
[Site "?"]
[Date "2008.08.22"]
[Round "?"]
[White "GM Megaranto, Susanto"]
[Black "GM Dzhumaev, Marat"]
[Result "0-1"]
[WhiteElo "2532"]
[BlackElo "2549"]
[PlyCount "50"]
[EventDate "2008.08.18"]

1. e4 g6 2. d4 Bg7 3. Nc3 d6 4. Bg5 Nd7 5. Qd2 a6 6. f4 c5 7. Nf3 cxd4 8. Nxd4
Ngf6 9. Be2 O-O 10. O-O-O Qc7 11. f5 b5 12. h4 Bb7 13. h5 b4 14. Nd5 Bxd5 15.
exd5 Ne4 16. Qf4 Nxg5 17. hxg6 h6 18. Rxh6 Bxh6 19. Rh1 e5 20. Qh4 Bg7 21. Nf3
Rfc8 22. Bd3 Nxf3 23. Qe7 Ng5 24. f6 Nxf6 25. gxf7+ Nxf7 0-1

[Event "Round 8 Table 2"]
[Site "?"]
[Date "2008.08.22"]
[Round "?"]
[White "GM Li Chao b"]
[Black "GM Zhang Zhong"]
[Result "1-0"]
[WhiteElo "2590"]
[BlackElo "2632"]
[PlyCount "93"]
[EventDate "2008.08.18"]

1. e4 e5 2. Nf3 Nc6 3. Bb5 Nf6 4. O-O Nxe4 5. d4 Nd6 6. Bxc6 dxc6 7. dxe5 Nf5
8. Qxd8+ Kxd8 9. Nc3 Ke8 10. h3 a5 11. a4 h6 12. Rd1 Be7 13. g4 Nh4 14. Nxh4
Bxh4 15. Ne2 Be7 16. Kg2 h5 17. f3 Be6 18. Nf4 g6 19. Nxe6 fxe6 20. Be3 Rd8 21.
c4 c5 22. Rxd8+ Kxd8 23. Rd1+ Ke8 24. f4 b6 25. Bf2 Rf8 26. Bg3 Rf7 27. Bh2 Bd8
28. Rd2 Be7 29. Kf3 Rh7 30. Ke4 hxg4 31. hxg4 Rh3 32. Rg2 Kf7 33. f5 exf5+ 34.
gxf5 Rh4+ 35. Kd5 Rd4+ 36. Kc6 gxf5 37. b3 f4 38. Rf2 Bg5 39. Kxc7 Ke6 40. Kxb6
Kxe5 41. Kxa5 Rd3 42. Rb2 Kd4 43. Kb5 f3 44. a5 Be3 45. Bg3 f2 46. Bxf2 Bxf2
47. a6 1-0

[Event "Round 8 Table 8"]
[Site "?"]
[Date "2008.08.22"]
[Round "?"]
[White "Yap Kim Steven"]
[Black "IM Dimakiling, Oliver"]
[Result "1-0"]
[WhiteElo "2321"]
[BlackElo "2479"]
[PlyCount "51"]
[EventDate "2008.08.18"]

1. e4 e5 2. Nf3 Nc6 3. Bc4 Nf6 4. Ng5 d5 5. exd5 b5 6. Bf1 h6 7. Nf3 Nxd5 8.
Bxb5 Bd7 9. Bxc6 Bxc6 10. Nxe5 Bb7 11. Qe2 Qe7 12. O-O O-O-O 13. d4 g5 14. c4
Nf6 15. Be3 c5 16. Rd1 Bg7 17. Nc3 Rhe8 18. Nb5 Ba8 19. b4 cxd4 20. Bxd4 a6 21.
Na7+ Kc7 22. c5 Rxd4 23. Qxa6 Qxe5 24. Nb5+ Kd7 25. Qa7+ Kd8 26. Nxd4 1-0

[Event "Round 4 Table 4"]
[Site "?"]
[Date "2008.08.19"]
[Round "?"]
[White "GM Zhang Zhong"]
[Black "IM Dableo, Ronald"]
[Result "1-0"]
[WhiteElo "2632"]
[BlackElo "2444"]
[PlyCount "106"]
[EventDate "2008.08.18"]

1. e4 e6 2. d4 d5 3. Nd2 dxe4 4. Nxe4 Nd7 5. g3 Ngf6 6. Nxf6+ Nxf6 7. Bg2 c5 8.
Ne2 Qb6 9. O-O Bd7 10. Bg5 cxd4 11. Nxd4 Be7 12. c3 e5 13. Nf3 h6 14. Bxf6 gxf6
15. Nh4 O-O-O 16. Qc2 Be6 17. Nf5 Qc7 18. Rfd1 Kb8 19. Ne3 Qc8 20. Nd5 Rd7 21.
c4 h5 22. Qa4 Bc5 23. b4 Bd4 24. Nxf6 Rc7 25. c5 Bxa1 26. Rxa1 Rd8 27. Ne4 Rd4
28. Nd6 Qd7 29. Qa3 Bc4 30. h4 a6 31. Qe3 f6 32. Qh6 Qg7 33. Qxh5 Bf7 34. Qe2
Rxb4 35. c6 Qf8 36. Nxb7 Bc4 37. Qe3 Be6 38. Rd1 Qe7 39. Rd8+ Bc8 40. Qd2 e4
41. Na5 Rb1+ 42. Kh2 Qb4 43. Nb3 Qxd2 44. Rxd2 f5 45. Nd4 Rc1 46. g4 fxg4 47.
Bxe4 Re7 48. Bg2 Rc3 49. f3 Kc7 50. fxg4 Bxg4 51. Rb2 Bc8 52. Rf2 Rc4 53. Rf4
Ra4 1-0